| 000 | 00634nam a2200205Ia 4500 | ||
|---|---|---|---|
| 003 | GCL | ||
| 008 | 140319s9999 xx 000 0 ara d | ||
| 020 | _a3560102977 | ||
| 040 |
_aGCL / _cGCL |
||
| 082 | 0 | 4 |
_a635.8 _bم ع |
| 100 | 1 | _aمحمد على احمد | |
| 245 | 1 | 0 |
_aعيش الغراب وعالمه الساحر / _cمحمد على احمد |
| 260 |
_aالقاهرة : _bدار المعارف ، _c1998 |
||
| 300 |
_a273 ص ؛ _c24 سم |
||
| 650 | 0 | 4 | _aالفطريات |
| 650 | 0 | 4 | _aعيش الغراب - زراعة |
| 650 | 0 | 4 | _aعيش الغراب - انواع |
| 650 | 0 | 4 | _aعيش الغراب |
| 942 |
_2ddc _cBK |
||
| 999 |
_c33637 _d33637 |
||